Bifurcation theory : an introduction with applications to PDEs
Saved in:
| Main Author: | |
|---|---|
| Format: | Book |
| Language: | English |
| Published: |
New York :
Springer,
c2004
|
| Series: | Applied mathematical sciences (Springer-Verlag New York Inc.)
; 156 |
| Subjects: | |
| Tags: |
Add Tag
No Tags, Be the first to tag this record!
|
MARC
| LEADER | 00000nam a2200000 i 4500 | ||
|---|---|---|---|
| 001 | 1/81107 | ||
| 008 | 080409s2004 eng d | ||
| 020 | |a 0-387-40401-5 | ||
| 035 | |l 10096389 | ||
| 040 | |a GR-MY-UA |b gre |e aacr | ||
| 041 | 0 | |a eng | |
| 082 | 0 | |a 515.35 |2 (22) | |
| 100 | 1 | |a Kielhofer, Hansjorg. | |
| 245 | 1 | 0 | |a Bifurcation theory : |b an introduction with applications to PDEs / |c Hansjorg Kielhofer |
| 260 | |a New York : |b Springer, |c c2004 | ||
| 300 | |a vii, 346 σ.; |b εικ.; |c 25 εκ. | ||
| 490 | 1 | |a Applied mathematical sciences |v ; 156 | |
| 504 | |a Περιέχει βιβλιογραφικές παραπομπές (σ. [335]-342) και ευρετήριο | ||
| 650 | 0 | 0 | |a Bifurcation theory. |
| 830 | 0 | |a Applied mathematical sciences (Springer-Verlag New York Inc.) |v ; 156 | |
| 852 | |a INST |b SAMOS |e 20080409 |h 515.392 KIE |p 005300026523 |q 005300026523 |t BK |y 0 | ||
| 901 | |a BIBL3-2008-1 | ||
| 909 | |a Σ |b 151347 | ||
| 922 | |a 3ΕΛΗ |b 200803 |c ΕΠΕΑΕΚ2/ΤΜΗΜΑ ΜΑΘΗΜΑΤΙΚΩΝ |d ΠΑΠΑΣΩΤΗΡΙΟΥ | ||
| 970 | |a ΡΟΥΣΣΟΥ |b ΚΩΝΣΤΑΝΤΙΝΑ |z 2008/04/09 | ||